00555cam a22002291 4500001001300000003000400013005001700017008004100034010001700075025001900092035002000111040002100131042001200152050002000164100003300184245002800217260001100245300001900256500001400275500001900289999001700308sa 68008088 DLC20260227112528.0950223s1965 ii 000 0 tamo  asa 68008088  aPL480:I-T-2402 a(OCoLC)32040372 aDLCcCUdCUdDLC apremarc00aPL4758.9.S9bA81 aSwaminathan, Gomathi,d1919-10aAmeccūr amarkkaḷam. c[1965] a160 p.c19 cm. aIn Tamil. aShort stories. c82233d82233